Ekonomická pridaná hodnota pri hodnotení investícií

Ekonomická pridaná hodnota (EVA). Všeobecne o EVA pri hodnotení podniku. Dôvody zavedenia EVA pri hodnotení projektov. Praktický príklad.

Na minha lista:
Detalhes bibliográficos
Autor principal: Králiková, Stanislava
Formato: Capítulo de Livro
Idioma:eslovaco
Assuntos:
Tags: Adicionar Tag
Sem tags, seja o primeiro a adicionar uma tag!

MARC

LEADER 00000nla$a2200000$$$4500
001 0109017
005 20240502072213.8
041 0 |a slo 
044 |a SK 
245 1 0 |a Ekonomická pridaná hodnota pri hodnotení investícií  |c Stanislava Králiková 
520 |a Ekonomická pridaná hodnota (EVA). Všeobecne o EVA pri hodnotení podniku. Dôvody zavedenia EVA pri hodnotení projektov. Praktický príklad. 
610 2 0 |a hodnota pridaná ekonomická 
610 2 0 |a projekty 
610 2 0 |a podnik 
610 2 0 |a kapitál 
610 2 0 |a zisk 
610 2 0 |a náklady 
610 2 0 |a výkonnosť 
610 2 0 |a investície 
100 1 |a Králiková, Stanislava